000 01052nam2a2200253 4500
001 RU\NLR\bibl\1034749
005 20250615001855.0
010 _a5-98860-006-9
021 _aRU
_b2006-78736
_93995
035 _a(NLR Aleph) 001022190
090 _a705611
_c705611
100 _a20070123d2005 |||y0rusy50 ca
101 0 _arus
102 _aRU
105 _aa |||||||||
200 0 _a2005
210 _d2005
_aБ. м.
215 _a415 с.
_cил.
461 0 _1001RU\NLR\bibl\1043264
_12001#$aЭкономика России: сравнительный анализ прибыльности$v2005
_9756396
_cМосква
_d2005
_fИнтерфакс-АКИ агентство корпоративной информации
_nКовинто-Консалтинг
_o[ежегодный статистический сборник]
_tЭкономика России: сравнительный анализ прибыльности
_v2005
801 0 _aRU
_bNLR
_c20070123
_gRCR
801 1 _aRU
_bNLR
_c20070123
942 _cBOOK
980 _aNB